Libro rojo de plantas de Colombia : (Registro nro. 8567)

Detalles MARC
000 -CABECERA
Campo de control 01146nam a22002657a 4500
005 - FECHA Y HORA DE LA ULTIMA TRANSACCION
Campo de control 20171111020002.0
008 - ELEMENTOS DE LONGITUD FIJA—INFORMACION GENERAL
Campo de control 140611s2007 ck a gr 00110 spa d
020 ## - ISBN
ISBN 9789588343143
041 ## - IDIOMA
Código de idioma para texto/pista de sonido o título separado Español
044 ## - PAÍS DE PUBLICACIÓN
País de publicación Colombia
082 04 - NUMERO DE CLASIFICACION DECIMAL DEWEY
Número de clasificación 584.15
Número del ítem L69l
245 00 - MENCION DE TITULO
Título Libro rojo de plantas de Colombia :
Parte restante del título Vol. 6: orquídeas, primera parte /
Mención de responsabilidad fotografías Gustavo Adolfo Aguirre, Luis E. Alvarez, Eduardo Calderón [et al.].
260 ## - PUBLICACION, DISTRIBUCION, ETC. (PIE DE IMPRENTA)
Lugar de publicación, distribución, etc. Bogotá
Nombre del editor, distribuidor, etc. Instituto Humboldt Colombia :
-- Ministerio de Ambiente, Vivienda y Desarrollo Territorial,
Fecha de publicación, distribución, etc. 2007.
300 ## - DESCRIPCION FISICA
Extensión 828 p.
Otros detalles físicos il.
Dimensiones 22 cm.
490 0# - MENCION DE SERIE
Mención de serie Libros rojos de especies amenazadas de Colombia ;
Designación numérica/secuencial del volumen 6
504 ## - NOTA DE BIBLIOGRAFIA, ETC.
Nota de bibliografía Incluye referencias bibliográficas (p. 780-796) e índice.
650 #4 - ASIENTO SECUNDARIO DE MATERIA - TERMINO TEMATICO
Término temático o nombre geográfico como elemento de entrada Orquídeas
Subdivisión general Variedades
Subdivisión geográfica Colombia.
650 #4 - ASIENTO SECUNDARIO DE MATERIA - TERMINO TEMATICO
Término temático o nombre geográfico como elemento de entrada Orquídeas
Subdivisión general Clasificación
Subdivisión geográfica Colombia.
650 #4 - ASIENTO SECUNDARIO DE MATERIA - TERMINO TEMATICO
Término temático o nombre geográfico como elemento de entrada Orquídeas
Subdivisión general Fichas técnicas.
650 #4 - ASIENTO SECUNDARIO DE MATERIA - TERMINO TEMATICO
Término temático o nombre geográfico como elemento de entrada Orquídeas
Subdivisión general Distribución geográfica
Subdivisión geográfica Colombia.
700 1# - ASIENTO SECUNDARIO - NOMBRE PERSONAL
Nombre personal Calderon-Sáenz, Eduardo
700 1# - ASIENTO SECUNDARIO - NOMBRE PERSONAL
Nombre personal Aguirre, Gustavo Adolfo,
Término de relación fot.
700 1# - ASIENTO SECUNDARIO - NOMBRE PERSONAL
Nombre personal Álvarez, Luis E.,
Término de relación fot.
942 ## - ELEMENTOS ADICIONALES (KOHA)
Sistema de clasificación Dewey Decimal Classification
Tipo de ítem Libro
Koha issues (borrowed), all copies 19
Existencias
Withdrawn status Lost status Sistema de Clasificación Damaged status No para préstamo Colección Inventariado Ubicación Permanente Ubicación actual Fecha de adquisición Fuente de Valor Valor Total Checkouts Número topográfico Inventario / Código de Barras Date last seen Date checked out Ejemplar Price effective from Forma de adquisición Tipo de material Total Renewals
    Dewey Decimal Classification     Humboldt Inventariado 2017 Bogotá Bogotá 30/07/2014 Instituto 39000.00 8 IAVH-584.15 L69l 026588 19/02/2018 19/02/2018 Vol. 6 Ej. 1 30/07/2014 Institucional Libro  
    Dewey Decimal Classification     Humboldt Inventariado 2017 Bogotá Bogotá 30/07/2014 Instituto 39000.00 4 IAVH-584.15 L69l 028901 08/08/2016 08/08/2016 Vol. 6 Ej. 2 30/07/2014 Institucional Libro  
    Dewey Decimal Classification     Humboldt Inventariado 2017 Bogotá Bogotá 30/07/2014 Instituto 39000.00 8 IAVH-584.15 L69l 026587 11/04/2019 11/04/2019 Vol. 6 Ej. 3 30/07/2014 Institucional Libro 1
    Dewey Decimal Classification     Humboldt   Bogotá Bogotá 22/06/2015     1 IAVH-00222 026586 10/11/2017 10/11/2017 Vol. 6 Ej. 6 22/06/2015 Institucional Libro  
    Dewey Decimal Classification     Humboldt Inventariado 2017 Sala Fabio Quevedo Sala Fabio Quevedo 30/07/2014 Instituto 39000.00 1 IAVH-584.15 L69l 038256 22/06/2015 10/10/2014 Vol. 6 Ej. 4 30/07/2014 Institucional Libro  
    Dewey Decimal Classification     Humboldt Inventariado 2017 Villa de Leyva Villa de Leyva 13/10/2017 Instituto 39000.00   IAVH-584.15 L69 026585 13/10/2017   Vol. 6 Ej. 5 13/10/2017 Institucional Libro